Statistics for Human Biology True or False

Click here to take the quiz!

General Stats

  • This quiz has been taken 279 times
  • The average score is 12 of 15

Answer Stats

QuestionAnswer% Correct
The rib cage protects the lungsTrue
95%
The heart is about the size of the fistTrue
94%
The largest artery is the aortaTrue
93%
Menopause is when men lose fertility at old ageFalse
90%
The brain is the largest internal organFalse
89%
Hormones act faster than nerve impulsesFalse
86%
The heart is made of 5 chambersFalse
86%
The female gamete is called the ovumTrue
80%
Muscles are organsFalse
74%
Urine is collected in the gallbladder before it is released out of the bodyFalse
74%
The lungs store gases in large chambersFalse
69%
The pulmonary vein is the only vein that transports oxygenated bloodTrue
68%
The binominal nomenclature of modern humans is homo erectusFalse
64%
Innate immune system protects the body by physical meansTrue
57%
A person with blood type A and a person with blood type B can produce an offspring with blood type OTrue
56%

Score Distribution

Percentile by Number Answered

Percent of People with Each Score

Your Score History

You have not taken this quiz